La Catedral de Puebla = The Cathedral of Puebla = La Cathédrale de Puebla /
Poblano de pura cepa, el artista Adalberto Luyando Lares (1907-2001) fue, primero por vocación y luego por nombramiento, el gran fotógrafo de su ciudad. Enamorado de ella, el archivo de su obra da cuenta de su gran pasión, expresada para el público en exposiciones y diversos títulos monográficos com...
Gorde:
| Egile nagusia: | |
|---|---|
| Beste egile batzuk: | |
| Formatua: | Liburua |
| Hizkuntza: | gaztelania |
| Argitaratua: |
Puebla, México :
Benemérita Universidad Autónoma de Puebla,
1986, c1986
|
| Gaiak: | |
| Etiketak: |
Etiketarik gabe, Izan zaitez lehena erregistro honi etiketa jartzen!
|
MARC
| LEADER | 00000nam^a2200000^a^4500 | ||
|---|---|---|---|
| 001 | 000332538 | ||
| 005 | 20250526000000.0 | ||
| 008 | 090825 19861986 | ||
| 009 | 20260310114106.806 | ||
| 020 | |a 968-863-029-2 | ||
| 025 | |a Donación Fernando Herrera, 1 ejemplar | ||
| 037 | |a Acervo Xavier Clavigero | ||
| 041 | |a ESP | ||
| 082 | |a 720. 97248203 |b LUY | ||
| 100 | |a Luyando Lares, Adalberto |e (fotógrafo) | ||
| 245 | 1 | 3 | |a La Catedral de Puebla = |b The Cathedral of Puebla = La Cathédrale de Puebla / |c Fotografía de A. Luyando Lares ; texto de A. Juárez Burgos. |
| 264 | 4 | |a Puebla, México : |b Benemérita Universidad Autónoma de Puebla, |c 1986, c1986 | |
| 300 | |a 125 p. ; |c 36 cm. | ||
| 336 | |a texto |b txt |2 rdacontenido | ||
| 337 | |a sin mediación |b n |2 rdamedio | ||
| 338 | |a volumen |b nc |2 rdasoporte | ||
| 520 | |a Poblano de pura cepa, el artista Adalberto Luyando Lares (1907-2001) fue, primero por vocación y luego por nombramiento, el gran fotógrafo de su ciudad. Enamorado de ella, el archivo de su obra da cuenta de su gran pasión, expresada para el público en exposiciones y diversos títulos monográficos como La Catedral de Puebla; Patios y rincones de Puebla; La Capilla del Rosario, octava maravilla del mundo; Puebla de los Angeles, hecha por los hombres; y Puebla monumental. | ||
| 546 | |a Edición trilingüe español-francés-inglés | ||
| 649 | |a XX | ||
| 650 | |a Catedral Metropolitana (Puebla) - |x Fotografías - |x Tema Principal | ||
| 650 | |a Catedrales - |z Puebla (Ciudad) - |x Fotografías | ||
| 650 | |a Templos Cristianos - |z Puebla (Ciudad) - |x Fotografías | ||
| 650 | |a Templos Cristianos - |z México - |x Fotografías | ||
| 650 | |a Fotografía en Blanco y Negro - |z Puebla (Ciudad) | ||
| 650 | |a Fotografía en Blanco y Negro - |z México | ||
| 650 | |a Fotografía Arquitectónica - |z Puebla (Ciudad) | ||
| 650 | |a Fotografía Arquitectónica - |z México | ||
| 650 | |a Fotografía Poblana - |y Siglo XX | ||
| 650 | |a Fotografía Mexicana - |y Siglo XX | ||
| 650 | |a Arquitectura Religiosa - |z Puebla (Ciudad) - |x Historia y Crítica | ||
| 650 | |a Arquitectura Religiosa - |z México - |x Historia y Crítica | ||
| 650 | |a Arquitectura Virreinal - |z Puebla (Ciudad) - |x Historia y Crítica | ||
| 650 | |a Arquitectura Virreinal - |z México - |x Historia y Crítica | ||
| 650 | |a Arquitectura Barroca - |z Puebla (Ciudad) - |x Historia y Crítica | ||
| 650 | |a Arquitectura Barroca - |z México - |x Historia y Crítica | ||
| 650 | |a Arquitectura Poblana - |x Historia y Crítica | ||
| 650 | |a Arquitectura Mexicana - |x Historia y Crítica | ||
| 650 | |a Arte Religioso - |z Puebla (Ciudad) - |x Historia y Crítica | ||
| 650 | |a Arte Religioso - |z México - |x Historia y Crítica | ||
| 650 | |a Arte Virreinal - |z Puebla (Ciudad) - |x Historia y Crítica | ||
| 650 | |a Arte Virreinal - |z México - |x Historia y Crítica | ||
| 650 | |a Arte Barroco - |z Puebla (Ciudad) - |x Historia y Crítica | ||
| 650 | |a Arte Barroco - |z México - |x Historia y Crítica | ||
| 650 | |a Arte Poblano - |x Historia y Crítica | ||
| 650 | |a Arte Poblano - |y Siglo XX | ||
| 650 | |a Arte Mexicano - |x Historia y Crítica | ||
| 650 | |a Arte Mexicano - |y Siglo XX | ||
| 650 | |a Puebla (Ciudad) - |x Descripción | ||
| 650 | |a Puebla (Ciudad) - |x Historia - |y Epoca Colonial, 1517-1821 | ||
| 650 | |a México - |x Descripción | ||
| 650 | |a México - |x Historia - |y Epoca Colonial, 1517-1821 | ||
| 700 | |a Juárez Burgos, Antonio |e (texto) | ||
| 910 | |a Fondo General | ||
| 920 | |a Impresos - Libros | ||
| 930 | |a Libros Antiguos y Raros | ||
| 905 | |a 108 | ||
| 901 | |a 0500222325 |b IT2 |c LRA |i D |u 20250526 | ||
| 902 | |a https://opac.biblio.iteso.mx/vufind/Record/000332538 | ||